00695nam a22001937a 4500999001500000001000600015003000900021005001700030008004100047040003800088082002700126245008600153260005700239300002200296505001100318650003100329942001200360952012900372 c1532d153213157BD-DhUAP20210121164339.0200209s2009 bg ||||| |||| 00| 0 eng d aBD-DhUAPbEngcBD-DhUAPdBD-DhUAP 223a345.5492002632 CRI aCriminal rules and orders : bpractice and procedure of subordinate courts, 2009. aDhaka :bThe authority of the supreme court, c2009. avolumes ;c24 cm. aV. 1-- aCriminal law zBangladesh. 2ddccBK 00102ddc4070aUAPCLbUAPCLcGeneral Stacksd2020-02-09o345.5492002632 CRI V-1p3010013157r2020-02-09t1w2020-02-09yBK